[Event "Johor op-B 7th"]
[Site "Johor"]
[Date "2022.12.27"]
[Round "2"]
[White "Akhramsyah, Ashraf Alimuddin Za"]
[Black "Mistam, Salman"]
[Result "1/2-1/2"]
[WhiteElo "1348"]
[BlackElo "1931"]
[PlyCount "103"]
[EventDate "2022.12.26"]
[EventType "swiss"]
[EventRounds "9"]
[EventCountry "MAS"]
[SourceTitle "EXT 2024"]
[Source "ChessBase"]
[SourceDate "2023.10.10"]
[SourceVersion "1"]
[SourceVersionDate "2023.10.10"]
[SourceQuality "1"]

1. e4 c5 2. f4 g6 3. Nf3 Bg7 4. Nc3 e6 5. Bc4 Ne7 6. d3 0-0 7. 0-0 d5 8. Bb3 a6 9. a3 b5 10. Kh1 Bb7 11. Qe2 Nbc6 12. Rb1 Rc8 13. Bd2 Nd4 14. Nxd4 cxd4 15. Nd1 a5 16. a4 b4 17. Nf2 dxe4 18. dxe4 Qb6 19. Nd3 Qc6 20. Rbe1 Ba6 21. h4 h5 22. Rf3 Kh7 23. Rc1 Ng8 24. f5 exf5 25. exf5 Rce8 26. fxg6+ fxg6 27. Qf2 Rxf3 28. gxf3 Rf8 29. Kg2 Nh6 30. Bxh6 Kxh6 31. Re1 Bb7 32. Re4 Qc7 33. Qd2+ Kh7 34. Rf4 Bh6 35. Rxf8 Bxf8 36. Qf4 Bd6 37. Qf7+ Qxf7 38. Bxf7 Kg7 39. Bc4 Kf6 40. Nf2 g5 41. hxg5+ Kxg5 42. Ne4+ Bxe4 43. fxe4 Kf4 44. b3 Kxe4 45. Kh3 Be7 46. Bf7 h4 47. Bg6+ Ke3 48. Bh7 Kd2 49. Bg6 Kc3 50. Bd3 Bg5 51. Kg4 Be7 52. Kh3 1/2-1/2